000 004040000a22001690004500
003 MACL
005 20160105163559.0
008 160105b xxu||||| |||| 00| 0 eng d
040 _aMACL
_cMACL
041 _aEnglish
082 _a823/COR
100 _aCorelli, Marie
_927839
245 _aBoy A Sketch
260 _bMethuen & Co.
_c1952
_aLondon
650 _aFiction
_928266
942 _cBK
_k823/COR
_2ddc
999 _c34682
_d34682